000 00698nam a2200265Ia 4500
005 20260302114722.0
008 008 260114s9999 xx 000 0 eng d
020 _a9781350180239
037 _aTextbook
040 _aCRL
040 _beng
040 _cCRL
041 _2eng
041 _aeng
084 _qCRL
100 _aAlice Hall
_91119548
245 0 _aContemporary Literature and the Body A Critical Introduction
260 _bBloomsbury
260 _bBloomsbury Academic
260 _c2023
650 _aLiterary Studies
856 _uhttps://doi.org/10.5040/9781350180239?locatt=label:secondary_bloomsburyCollections
942 _cEBOOK
999 _c1683599
_d1683599